00490 2200193 4500001002100000005001500021035002000036008004100056245006500097100002100162250000600183260003600189300001100225084001400236082000800250650001400258990001200272990001200284INLIS00000000000040520240430015753 a0010-0424000381240430 0 ind 1 aSelayang Pandang Nanggroe Aceh Darussalam /cNunung Yuli Eti aYuli Eti, Nunung a1 aKlaten :bIntan Pariwara,c2009 a60 hlm a900 NUN s a900 4aNon Fiksi a0728649 a0728650